[Event "2nd GMA World Cup prel  #1"]
[Site "Belgrade YUG"]
[Date "1988.??.??"]
[Round "?"]
[White "Blagojevic, Dragisa"]
[Black "Samovojska, Damir"]
[Result "0-1"]
[WhiteElo "2445"]
[BlackElo "2365"]
[EventDate "1988.12.??"]
[PlyCount "138"]

1.d4 e6 2.c4 d5 3.Nf3 Nf6 4.Nc3 Nbd7 5.cxd5 exd5 6.Bf4 c6 7.e3 Nh5 8.Bg5 
Be7 9.Bxe7 Qxe7 10.Be2 O-O 11.O-O f5 12.Ne5 Nhf6 13.f4 Ne4 14.Nxe4 fxe4 
15.Nxd7 Bxd7 16.b4 Qxb4 17.Rb1 Qa3 18.Rb3 Qxa2 19.Rxb7 Bc8 20.Rc7 Rf6 21.
Bg4 Rg6 22.f5 Rf6 23.Qc1 Ba6 24.Qa1 Qxa1 25.Rxa1 Bc8 26.Rcxa7 Rxa7 27.Rxa7
Bxf5 28.Bd1 Rd6 29.Ba4 Bd7 30.Ra8+ Kf7 31.Rd8 Ke7 32.Rh8 h6 33.Kf2 Rf6+ 
34.Ke1 Rg6 35.Kf2 Rf6+ 36.Ke1 Kd6 37.Rg8 Rf7 38.Rd8 Kc7 39.Rg8 Be6 40.Re8 
Bg4 41.Rg8 Bd7 42.Rh8 Rf6 43.Rg8 Rg6 44.Kf2 Be6 45.Rf8 Bd7 46.Rg8 Bc8 47.
Rf8 Ba6 48.Bd1 Kb6 49.Rf7 c5 50.Bh5 Rf6+ 51.Rxf6+ gxf6 52.dxc5+ Kxc5 53.
Ke1 d4 54.Kd2 Bf1 55.g3 Bh3 56.Bf7 d3 57.Be8 Kd5 58.Ke1 Kc5 59.Kd2 Kd5 60.
Ke1 Ke5 61.Kd2 f5 62.Kc3 Kf6 63.Bh5 Kg5 64.Bd1 Bg4 65.Ba4 Bf3 66.Kd2 Kg4 
67.Bd7 Bg2 68.Ke1 Kf3 69.Kd2 Bh3 0-1

[Event "2nd GMA World Cup prel  #1"]
[Site "Belgrade YUG"]
[Date "1988.??.??"]
[Round "?"]
[White "Blees, Albert"]
[Black "Dukanovic, Marko"]
[Result "1/2-1/2"]
[WhiteElo "2350"]
[BlackElo "2260"]
[EventDate "1988.12.??"]
[PlyCount "132"]

1.d4 d5 2.c4 Nf6 3.cxd5 Qxd5 4.Nc3 Qd8 5.e4 e5 6.Nf3 exd4 7.Qxd4 Qxd4 8.
Nxd4 Bc5 9.Ndb5 Na6 10.Bf4 Bb6 11.f3 O-O 12.Bc4 Be6 13.Bxe6 fxe6 14.Bg5 h6
15.Bh4 g5 16.Bg3 Rad8 17.Ke2 c6 18.Na3 Nh5 19.Rad1 Nxg3+ 20.hxg3 Kg7 21.
Rxd8 Rxd8 22.Nc4 Bc7 23.g4 Nb4 24.Rd1 Rxd1 25.Kxd1 b5 26.Ne3 Nd3 27.b3 Bb6
28.Kd2 Nf4 29.a4 bxa4 30.bxa4 Bxe3+ 31.Kxe3 Nxg2+ 32.Kd4 Nh4 33.Kc5 Nxf3 
34.Kxc6 Ne5+ 35.Kb7 Nxg4 36.Kxa7 Ne5 37.Kb6 Kf7 38.Kc5 Ke7 39.a5 Kd7 40.a6
Nc6 41.Kb6 g4 42.Ne2 h5 43.Nd4 Ne7 44.Kb7 Nc8 45.Nxe6 Kxe6 46.Kxc8 g3 47.
a7 g2 48.a8=Q g1=Q 49.Qd5+ Ke7 50.Qe5+ Kf8 51.Qxh5 Qe3 52.Qf5+ Ke7 53.Qe5+
Kf7 54.Qd5+ Ke7 55.Qd7+ Kf6 56.Qd6+ Kf7 57.Qc6 Ke7 58.Qd7+ Kf6 59.Qf5+ Ke7
60.Qe5+ Kf8 61.Qf6+ Ke8 62.Qe6+ Kf8 63.Kd8 Qg5+ 64.Kd7 Qb5+ 65.Kd6 Qb6+ 
66.Ke5 Qb2+ 1/2-1/2

[Event "2nd GMA World Cup prel  #1"]
[Site "Belgrade YUG"]
[Date "1988.??.??"]
[Round "?"]
[White "Blees, Albert"]
[Black "Los, Sander"]
[Result "1-0"]
[WhiteElo "2350"]
[BlackElo "2340"]
[EventDate "1988.12.??"]
[PlyCount "31"]

1.d4 Nf6 2.c4 g6 3.Nc3 Bg7 4.e4 O-O 5.Nf3 d6 6.Be2 e5 7.O-O Nbd7 8.Qc2 c6 
9.Rd1 Re8 10.d5 c5 11.Rb1 h6 12.a3 Nh7 13.b4 b6 14.bxc5 bxc5 15.Qa4 Nb6 
16.Rxb6 1-0

[Event "2nd GMA World Cup prel  #1"]
[Site "Belgrade YUG"]
[Date "1988.??.??"]
[Round "?"]
[White "Blees, Albert"]
[Black "Piskov, Yury"]
[Result "0-1"]
[WhiteElo "2350"]
[BlackElo "2415"]
[EventDate "1988.12.??"]
[PlyCount "102"]

1.d4 e6 2.c4 f5 3.g3 Nf6 4.Bg2 c6 5.Nf3 d5 6.O-O Bd6 7.b3 Qe7 8.Bb2 O-O 9.
Qc1 b5 10.Ne5 a5 11.Nc3 Ba6 12.Nxc6 Nxc6 13.cxb5 Nxd4 14.bxa6 Rxa6 15.Rd1 
Nc6 16.e3 Ne5 17.Nb5 Rc6 18.Qd2 Bb4 19.Qe2 Nf7 20.Rac1 Rfc8 21.Rxc6 Rxc6 
22.a3 Bc5 23.Qd2 Bb6 24.Rc1 Qd7 25.Rxc6 Qxc6 26.Nd4 Qc8 27.Qc3 Qxc3 28.
Bxc3 Nd8 29.b4 axb4 30.Bxb4 Kf7 31.Bf1 Bxd4 32.exd4 Nc6 33.Bc5 Ke8 34.Bb5 
Kd7 35.f3 Kc7 36.Kf2 Nd7 37.Bxc6 Kxc6 38.Be7 e5 39.dxe5 Nxe5 40.Bf8 g6 41.
h3 Kb5 42.g4 Kc4 43.Bd6 Nc6 44.Kg3 d4 45.a4 Kb3 46.gxf5 gxf5 47.Bc5 d3 48.
Be3 Kxa4 49.Kf4 Ne7 50.Ke5 Kb3 51.Ke6 Kc2 0-1

[Event "2nd GMA World Cup prel  #1"]
[Site "Belgrade YUG"]
[Date "1988.??.??"]
[Round "?"]
[White "Bogdanovski, Vlatko"]
[Black "Kontic, Dordije"]
[Result "1-0"]
[WhiteElo "2430"]
[BlackElo "2370"]
[EventDate "1988.12.??"]
[PlyCount "82"]

1.d4 f5 2.g3 Nf6 3.Bg2 g6 4.Nf3 Bg7 5.O-O O-O 6.b3 d6 7.Bb2 c6 8.Nbd2 a5 
9.e3 Na6 10.Ne1 Bd7 11.Qe2 Kh8 12.c4 Nc7 13.Nd3 a4 14.Rfe1 Qe8 15.f3 b5 
16.f4 bxc4 17.bxc4 Qf7 18.Rec1 a3 19.Bc3 Ne4 20.Rab1 Rfb8 21.Rxb8+ Rxb8 
22.Ba5 Nxd2 23.Bxc7 Rc8 24.Bxd6 Nxc4 25.Bc5 Nb2 26.Rc3 Qxa2 27.Rxa3 Qb1+ 
28.Qf1 Qxf1+ 29.Bxf1 Nc4 30.Ra7 Be6 31.Nb4 Nxe3 32.Rxe7 Nxf1 33.Rxe6 Nd2 
34.Nxc6 Ne4 35.Ba7 Nf6 36.Kf1 Kg8 37.Bc5 Ne4 38.Rxe4 Rxc6 39.Re8+ Kf7 40.
Re7+ Kg8 41.Ke2 Ra6 1-0

[Event "2nd GMA World Cup prel  #1"]
[Site "Belgrade YUG"]
[Date "1988.??.??"]
[Round "?"]
[White "Bogdanovski, Vlatko"]
[Black "Sandic, Vladeta"]
[Result "0-1"]
[WhiteElo "2430"]
[BlackElo "2290"]
[EventDate "1988.12.??"]
[PlyCount "66"]

1.d4 Nf6 2.c4 c5 3.d5 g6 4.Nc3 d6 5.e4 Bg7 6.Be2 O-O 7.Bg5 h6 8.Bf4 e6 9.
dxe6 Bxe6 10.Qd2 Nc6 11.Bxh6 Bxh6 12.Qxh6 Nd4 13.Qd2 Re8 14.b3 b5 15.cxb5 
Bxb3 16.Rb1 Bc2 17.Rc1 Bxe4 18.Kf1 Kg7 19.h4 Rh8 20.h5 Bb7 21.Rh3 Nxe2 22.
h6+ Kh7 23.Ngxe2 Re8 24.Re3 Qd7 25.Rxe8 Rxe8 26.Qf4 Qe6 27.Ng3 Qe5 28.Qa4 
Nd5 29.Nce4 Nf4 30.f3 Nd3 31.Rc3 Qxg3 32.Rxd3 Bxe4 33.Re3 Bd3+ 0-1

[Event "2nd GMA World Cup prel  #1"]
[Site "Belgrade YUG"]
[Date "1988.??.??"]
[Round "?"]
[White "Brkljaca, Ante"]
[Black "Epishin, Vladimir"]
[Result "1/2-1/2"]
[WhiteElo "2355"]
[BlackElo "2475"]
[EventDate "1988.12.??"]
[PlyCount "52"]

1.d4 Nf6 2.Nf3 g6 3.c4 Bg7 4.Nc3 d5 5.cxd5 Nxd5 6.Bd2 O-O 7.Rc1 Nb6 8.e3 
Bg4 9.h3 Bxf3 10.Qxf3 c6 11.h4 Re8 12.h5 e5 13.hxg6 hxg6 14.dxe5 N8d7 15.
Ne4 Nxe5 16.Qh3 Nd5 17.Be2 f5 18.Nc5 b6 19.e4 bxc5 20.exd5 Qxd5 21.Qh7+ 
Kf8 22.Bh6 Bxh6 23.Qxh6+ Kf7 24.Qh7+ Kf6 25.Qh4+ Kf7 26.Qh7+ Kf6 1/2-1/2

[Event "2nd GMA World Cup prel  #1"]
[Site "Belgrade YUG"]
[Date "1988.??.??"]
[Round "?"]
[White "Brkljaca, Ante"]
[Black "Paunovic, Tomislav"]
[Result "1/2-1/2"]
[WhiteElo "2355"]
[BlackElo "2420"]
[EventDate "1988.12.??"]
[PlyCount "52"]

1.d4 d5 2.Nf3 c5 3.dxc5 e6 4.e4 Bxc5 5.exd5 exd5 6.Bb5+ Nc6 7.O-O Ne7 8.c4
O-O 9.cxd5 Nxd5 10.Bxc6 bxc6 11.Qc2 Qb6 12.Nbd2 Nb4 13.Qe4 Ba6 14.Nc4 Rae8
15.Qh4 Bxc4 16.Qxc4 Qb5 17.Qh4 Nd3 18.Nd4 Qb6 19.Be3 f5 20.Nb3 Re4 21.Bxc5
Nxc5 22.Qg3 Nxb3 23.Qxb3+ Qxb3 24.axb3 Rb8 25.Rxa7 Rxb3 26.h3 Reb4 1/2-1/2

[Event "2nd GMA World Cup prel  #1"]
[Site "Belgrade YUG"]
[Date "1988.??.??"]
[Round "?"]
[White "Brkljaca, Ante"]
[Black "Savon, Vladimir"]
[Result "0-1"]
[WhiteElo "2355"]
[BlackElo "2430"]
[EventDate "1988.12.??"]
[PlyCount "120"]

1.d4 Nf6 2.Nf3 d5 3.c4 e6 4.Nc3 Nbd7 5.cxd5 exd5 6.Bg5 Be7 7.e3 c6 8.Bd3 
O-O 9.Qc2 Re8 10.O-O-O Nf8 11.Ne5 Ng4 12.Bxe7 Qxe7 13.Nxg4 Bxg4 14.Rdg1 
Rac8 15.Kb1 Be6 16.g4 b6 17.f4 c5 18.f5 Bd7 19.Nxd5 Qd6 20.e4 c4 21.Be2 
Bc6 22.Nc3 Qxd4 23.Bf3 Nd7 24.g5 Ne5 25.Bg2 b5 26.Rd1 Nd3 27.Nd5 Bxd5 28.
exd5 Re3 29.g6 Rce8 30.gxf7+ Kxf7 31.Bf1 Qxd5 32.Bxd3 Rxd3 33.f6 gxf6 34.
Rdf1 Qe4 35.Ka1 Re3 36.Qf2 Re6 37.Rd1 Rd3 38.Qxa7+ Re7 39.Qc5 Qe5 40.Qc6 
Rc7 41.Qg2 Rxd1+ 42.Rxd1 Re7 43.Qh3 h5 44.a3 b4 45.Qc8 Qe4 46.Rc1 bxa3 47.
Qxc4+ Qxc4 48.Rxc4 Re2 49.bxa3 Rxh2 50.a4 Kg6 51.a5 Re2 52.a6 Re7 53.Ra4 
Ra7 54.Kb2 h4 55.Kc2 h3 56.Rh4 Rxa6 57.Kd2 Ra3 58.Ke2 Kg5 59.Rh8 h2 60.Kf2
Ra1 0-1

[Event "2nd GMA World Cup prel  #1"]
[Site "Belgrade YUG"]
[Date "1988.??.??"]
[Round "?"]
[White "Brujic, Bozidar"]
[Black "Dolmatov, Sergei"]
[Result "0-1"]
[WhiteElo "2240"]
[BlackElo "2550"]
[EventDate "1988.12.??"]
[PlyCount "116"]

1.d4 f5 2.g3 Nf6 3.Bg2 e6 4.Nd2 d5 5.Nh3 Bd6 6.O-O O-O 7.Nf4 c6 8.c4 Qe7 
9.Nd3 b6 10.b3 Bb7 11.Bb2 Nbd7 12.Rc1 Rac8 13.e3 Ne4 14.Nf3 c5 15.Rc2 dxc4
16.bxc4 Ba6 17.Nde5 cxd4 18.Nxd7 Qxd7 19.Qxd4 Qe7 20.Ne5 Bc5 21.Qd1 Rfd8 
22.Qh5 Bb7 23.Nf3 Qf7 24.Qxf7+ Kxf7 25.Ng5+ Nxg5 26.Bxb7 Rc7 27.Bg2 Kf8 
28.h4 Nf7 29.e4 Rd3 30.exf5 exf5 31.Kh2 Re7 32.Bd5 Nh6 33.Kg2 Ng4 34.Bc1 
h6 35.h5 Ke8 36.Bf4 Kd7 37.Bf3 Ke8 38.Rd1 Rxd1 39.Bxd1 Nf6 40.Rd2 Ne4 41.
Ba4+ Kf7 42.Rd5 Nf6 43.Rxf5 Re2 44.Bc7 Ke6 45.Rf3 Rxa2 46.Bc6 Rc2 47.Ba4 
Rb2 48.Rf4 Be3 49.Rf3 Bd4 50.Bb8 a5 51.Bb3 Bc5 52.Bc7 Ne4 53.Bxb6 Nd2 54.
Bxc5 Nxf3 55.Kxf3 Rxb3+ 56.Ke4 a4 57.Bd4 a3 58.c5 Rb4 0-1

[Event "2nd GMA World Cup prel  #1"]
[Site "Belgrade YUG"]
[Date "1988.??.??"]
[Round "?"]
[White "Brujic, Bozidar"]
[Black "Kosic, Dragan"]
[Result "1-0"]
[WhiteElo "2240"]
[BlackElo "2440"]
[EventDate "1988.12.??"]
[PlyCount "89"]

1.d4 Nf6 2.c4 g6 3.Nc3 Bg7 4.e4 d6 5.f3 O-O 6.Be3 b6 7.Qd2 c5 8.Nge2 Nc6 
9.O-O-O a6 10.Kb1 Rb8 11.g4 Na5 12.Ng3 cxd4 13.Bxd4 Nc6 14.Be3 Ne5 15.g5 
Nfd7 16.f4 Nc6 17.h4 b5 18.cxb5 axb5 19.h5 Re8 20.hxg6 hxg6 21.Bxb5 Qa5 
22.Bxc6 Qxc3 23.Qxc3 Bxc3 24.Rh2 Bg7 25.e5 Rb4 26.Bc1 dxe5 27.Bxd7 Rd8 28.
Bg4 Rxd1 29.Bxd1 exf4 30.Nf1 e5 31.a3 Rc4 32.Bc2 Bf5 33.b4 Bd7 34.Nd2 Rc7 
35.a4 f5 36.b5 Be6 37.b6 Rb7 38.a5 Bf8 39.Bb2 Bd6 40.Re2 e4 41.Rh2 Be7 42.
Rh8+ Kf7 43.Rh7+ Kf8 44.Nxe4 fxe4 45.Bxe4 1-0

[Event "2nd GMA World Cup prel  #1"]
[Site "Belgrade YUG"]
[Date "1988.??.??"]
[Round "?"]
[White "Brujic, Bozidar"]
[Black "Veroci-Petronic, Zsuzsa"]
[Result "1-0"]
[WhiteElo "2240"]
[BlackElo "2330"]
[EventDate "1988.12.??"]
[PlyCount "73"]

1.d4 Nf6 2.c4 g6 3.Nc3 Bg7 4.e4 d6 5.f3 O-O 6.Be3 Nc6 7.Nge2 a6 8.Qd2 Rb8 
9.g4 b5 10.O-O-O bxc4 11.g5 Nd7 12.h4 Nb4 13.Ng3 c5 14.Bxc4 cxd4 15.Bxd4 
Ne5 16.Bxe5 Bxe5 17.f4 Bg7 18.h5 Qc7 19.Bb3 Bg4 20.hxg6 hxg6 21.Qh2 Rfc8 
22.Rd2 e6 23.e5 d5 24.Qh4 d4 25.Rxd4 Bf3 26.Rh2 Qb6 27.Rhd2 Nd5 28.Kc2 a5 
29.f5 Ne3+ 30.Kb1 Nxf5 31.Nxf5 gxf5 32.g6 fxg6 33.Qg5 Bd5 34.Nxd5 exd5 35.
Rxd5 Kf8 36.Rd7 Qc5 37.Rd8+ 1-0

[Event "2nd GMA World Cup prel  #1"]
[Site "Belgrade YUG"]
[Date "1988.??.??"]
[Round "?"]
[White "Buljovcic, Ivan"]
[Black "Danilovic, Milorad"]
[Result "1/2-1/2"]
[WhiteElo "2425"]
[BlackElo "2350"]
[EventDate "1988.12.??"]
[PlyCount "31"]

1.e4 e5 2.Nf3 Nc6 3.Bb5 a6 4.Ba4 Nf6 5.Nc3 d6 6.d3 Be7 7.h3 O-O 8.O-O b5 
9.Bb3 Na5 10.Nd5 Nxd5 11.Bxd5 c6 12.Bb3 Nxb3 13.axb3 f5 14.exf5 Bxf5 15.
Nh2 Qe8 16.f4 1/2-1/2

[Event "2nd GMA World Cup prel  #1"]
[Site "Belgrade YUG"]
[Date "1988.??.??"]
[Round "?"]
[White "Buljovcic, Ivan"]
[Black "Ristic, Nebojsa"]
[Result "1-0"]
[WhiteElo "2425"]
[BlackElo "2360"]
[EventDate "1988.12.??"]
[PlyCount "102"]

1.e4 c5 2.Nf3 d6 3.d4 cxd4 4.Qxd4 Nc6 5.Bb5 Bd7 6.Bxc6 Bxc6 7.c4 Nf6 8.Nc3
g6 9.O-O Bg7 10.h3 O-O 11.Qe3 Nd7 12.Nd4 Ne5 13.b3 Bd7 14.Bb2 a6 15.a4 e6 
16.Rad1 Qb6 17.Ba3 Rfd8 18.Nce2 Be8 19.Rd2 Bxa4 20.Rfd1 Bxb3 21.Qxb3 Qxb3 
22.Nxb3 Nxc4 23.Ra2 a5 24.Nd2 Nxa3 25.Rxa3 b5 26.Rb3 Rdb8 27.Rdb1 b4 28.f4
d5 29.exd5 exd5 30.Kf2 Bf8 31.Rd3 a4 32.Rxd5 Rd8 33.Rxd8 Rxd8 34.Ke1 Rd3 
35.Nc1 Re3+ 36.Kf1 Rc3 37.Ke2 Rg3 38.Kf2 Rc3 39.Ke2 Bc5 40.Nd3 b3 41.Nxc5 
Rxc5 42.Ra1 Rc3 43.Rxa4 Rg3 44.Kf2 Rd3 45.Nf3 f6 46.Rb4 Kf7 47.Nd4 Rd2+ 
48.Ne2 Rd3 49.Nc1 Rd2+ 50.Kf3 b2 51.Ne2 Rc2 1-0

[Event "2nd GMA World Cup prel  #1"]
[Site "Belgrade YUG"]
[Date "1988.??.??"]
[Round "?"]
[White "Buljovcic, Ivan"]
[Black "Voiska, Margarita"]
[Result "1/2-1/2"]
[WhiteElo "2425"]
[BlackElo "2350"]
[EventDate "1988.12.??"]
[PlyCount "124"]

1.e4 e6 2.d4 d5 3.Nd2 Nf6 4.Bd3 c5 5.e5 Nfd7 6.c3 Nc6 7.Ne2 Qb6 8.Nf3 cxd4
9.cxd4 f6 10.exf6 Nxf6 11.O-O Bd6 12.Nc3 O-O 13.Be3 Bd7 14.a3 Kh8 15.h3 
Rac8 16.Rc1 Qd8 17.Re1 Qe8 18.b4 Qh5 19.Be2 Qg6 20.Qd3 Qe8 21.Qb1 Bb8 22.
Ng5 Qe7 23.Bd3 Qd6 24.g3 h6 25.Bf4 Qe7 26.Bxb8 Rxb8 27.Nf3 Qf7 28.Bg6 Qg8 
29.Re3 a6 30.Rce1 Nh7 31.Ne2 Rf6 32.Nf4 Rbf8 33.Nh4 Ne7 34.Nxe6 Bxe6 35.
Bxh7 Qxh7 36.Qxh7+ Kxh7 37.Rxe6 Nc6 38.Rxf6 Rxf6 39.Rd1 Na7 40.Rd3 Rc6 41.
Nf5 Nb5 42.Ne3 Rd6 43.Kf1 Kg6 44.Ke2 Kf6 45.a4 Na7 46.Rb3 Ke6 47.Kd3 Nc6 
48.Rb1 Ne7 49.Re1 Kd7 50.Ng4 Nc6 51.Ne5+ Nxe5+ 52.Rxe5 Kc6 53.h4 Rf6 54.
Ke3 Kd6 55.Re8 Rf7 56.Rd8+ Ke6 57.b5 axb5 58.axb5 Rc7 59.Rb8 Kd6 60.Rd8+ 
Ke6 61.Rg8 Re7 62.Rd8 Rc7 1/2-1/2

[Event "2nd GMA World Cup prel  #1"]
[Site "Belgrade YUG"]
[Date "1988.??.??"]
[Round "?"]
[White "Bykhovsky, Avigdor"]
[Black "Ninov, Kiril"]
[Result "1/2-1/2"]
[WhiteElo "2445"]
[BlackElo "2515"]
[EventDate "1988.12.??"]
[PlyCount "42"]

1.d4 d5 2.c4 c6 3.Nc3 Nf6 4.e3 g6 5.Nf3 Bg7 6.Be2 O-O 7.O-O Be6 8.Ng5 Bf5 
9.f4 c5 10.dxc5 h6 11.g4 Bc8 12.Nh3 dxc4 13.Nf2 Na6 14.e4 Nxc5 15.e5 Nfd7 
16.Bxc4 Nb6 17.Be2 Be6 18.Be3 Rc8 19.Qxd8 Rfxd8 20.Rfd1 Rxd1+ 21.Nfxd1 f6 
1/2-1/2

[Event "2nd GMA World Cup prel  #1"]
[Site "Belgrade YUG"]
[Date "1988.??.??"]
[Round "?"]
[White "Cabrilo, Goran"]
[Black "Savon, Vladimir"]
[Result "1-0"]
[WhiteElo "2510"]
[BlackElo "2430"]
[EventDate "1988.12.??"]
[PlyCount "115"]

1.e4 c6 2.d4 d5 3.exd5 cxd5 4.c4 Nf6 5.Nc3 e6 6.Nf3 Be7 7.cxd5 Nxd5 8.Bd3 
Nc6 9.O-O O-O 10.Re1 Bf6 11.Be4 Qd6 12.Bc2 Nce7 13.Qd3 Ng6 14.Ne4 Qb6 15.
Nxf6+ Nxf6 16.Bg5 Nd5 17.Bb3 Bd7 18.Ne5 Bb5 19.Qg3 Qxd4 20.Rad1 Qb4 21.
Nxg6 hxg6 22.Bxd5 exd5 23.Be7 Qa5 24.Bxf8 Rxf8 25.a3 Ba4 26.b4 Qd8 27.Rd4 
Bc6 28.h4 Qf6 29.Re5 a6 30.Qe3 Rd8 31.Qg3 Qd6 32.Re3 Qxg3 33.Rxg3 Re8 34.
Re3 Rxe3 35.fxe3 f6 36.Kf2 Kf7 37.Kg3 g5 38.hxg5 fxg5 39.Rd2 Kf6 40.Rf2+ 
Ke5 41.Kg4 d4 42.exd4+ Kxd4 43.Kxg5 Kc3 44.g4 Kb3 45.Kg6 Kxa3 46.Rf4 b6 
47.Kxg7 a5 48.bxa5 bxa5 49.Kf6 a4 50.g5 Kb3 51.g6 a3 52.Ke6 a2 53.g7 a1=Q 
54.g8=Q Qc3 55.Kd6+ Ka3 56.Rc4 Qf6+ 57.Kc5 Ba4 58.Rxa4+ 1-0

[Event "2nd GMA World Cup prel  #1"]
[Site "Belgrade YUG"]
[Date "1988.??.??"]
[Round "?"]
[White "Cabrilo, Goran"]
[Black "Shneider, Alexander"]
[Result "0-1"]
[WhiteElo "2510"]
[BlackElo "2465"]
[EventDate "1988.12.??"]
[PlyCount "112"]

1.e4 c5 2.Nf3 d6 3.Nc3 a6 4.d4 cxd4 5.Nxd4 Nf6 6.Be2 e5 7.Nb3 Be7 8.Bg5 
O-O 9.Bxf6 Bxf6 10.Qd3 Be6 11.Rd1 Be7 12.Nd5 Bxd5 13.Qxd5 Qc7 14.Qc4 Qxc4 
15.Bxc4 Rc8 16.Nd2 Nd7 17.Bb3 b5 18.Nf1 a5 19.Ne3 a4 20.Bd5 Rab8 21.a3 b4 
22.O-O g6 23.axb4 Rxb4 24.b3 Nb6 25.bxa4 Nxa4 26.Rb1 Rcb8 27.Rxb4 Rxb4 28.
Ra1 Nc3 29.g3 Bg5 30.Ra7 Nxd5 31.Nxd5 Rxe4 32.Rd7 Kg7 33.Rxd6 Rc4 34.h4 
Bc1 35.c3 Bb2 36.Rd7 Bxc3 37.Rc7 Rxc7 38.Nxc7 f5 39.Nd5 Bd4 40.Kg2 Kf7 41.
Nb4 Ke6 42.Nc2 Bc5 43.Kf3 e4+ 44.Ke2 Ke5 45.f3 Kd5 46.g4 fxg4 47.fxg4 Ke5 
48.Na1 Kf4 49.Nb3 Bb6 50.g5 e3 51.h5 gxh5 52.Nc1 h4 53.Kf1 Kf3 54.Ne2 h3 
55.Ng1+ Kg4 56.Ne2 Ba7 0-1

[Event "2nd GMA World Cup prel  #1"]
[Site "Belgrade YUG"]
[Date "1988.??.??"]
[Round "?"]
[White "Cabrilo, Goran"]
[Black "Westerinen, Heikki"]
[Result "1-0"]
[WhiteElo "2510"]
[BlackElo "2395"]
[EventDate "1988.12.??"]
[PlyCount "89"]

1.e4 e5 2.Nf3 Nc6 3.Bb5 Nf6 4.d3 d6 5.c3 g6 6.O-O Bg7 7.Re1 O-O 8.Nbd2 Bd7
9.Nf1 Na5 10.Bxd7 Qxd7 11.Ng3 Rfe8 12.d4 exd4 13.cxd4 c5 14.Bd2 Nc6 15.d5 
Ne5 16.Nxe5 Rxe5 17.Bc3 Re7 18.h3 Ne8 19.Qd2 b5 20.Bxg7 Kxg7 21.Re3 Kh8 
22.Rae1 f6 23.f4 Rd8 24.b3 Nc7 25.Qb2 Rf8 26.b4 cxb4 27.Qxb4 Na6 28.Qb2 
Nc5 29.Qd4 Qc7 30.e5 Qb6 31.exf6 Ref7 32.Kh2 Nd7 33.Qb2 Nxf6 34.Ne4 Kg8 
35.Ng5 Rd7 36.Ne6 Rff7 37.Rc3 Qb7 38.Rec1 Rde7 39.Rc8+ Re8 40.R8c7 Qxd5 
41.Rxf7 Kxf7 42.Ng5+ Ke7 43.Rc7+ Kd8 44.Qc3 b4 45.Qc2 1-0

[Event "2nd GMA World Cup prel  #1"]
[Site "Belgrade YUG"]
[Date "1988.??.??"]
[Round "?"]
[White "Campora, Daniel Hugo"]
[Black "Bator, Robert"]
[Result "1-0"]
[WhiteElo "2540"]
[BlackElo "2370"]
[EventDate "1988.12.??"]
[PlyCount "59"]

1.e4 e6 2.d4 d5 3.Nd2 Nf6 4.e5 Nfd7 5.Bd3 c5 6.c3 b6 7.Ne2 Ba6 8.Bxa6 Nxa6
9.O-O b5 10.f4 g6 11.g4 h5 12.f5 Qh4 13.fxe6 fxe6 14.Nf4 hxg4 15.Qe2 g3 
16.h3 Qh7 17.Qg4 Be7 18.Nxe6 cxd4 19.cxd4 Rc8 20.Nf3 Rc6 21.Nfg5 Qg8 22.
Bd2 Nc7 23.Rac1 Rxc1 24.Rxc1 Nxe6 25.Nxe6 Nb6 26.Bg5 Qf7 27.Nc7+ Kd8 28.
Bxe7+ Qxe7 29.Ne6+ Ke8 30.Qxg6+ 1-0

[Event "2nd GMA World Cup prel  #1"]
[Site "Belgrade YUG"]
[Date "1988.??.??"]
[Round "?"]
[White "Campora, Daniel Hugo"]
[Black "Spiridonov, Nikola"]
[Result "1/2-1/2"]
[WhiteElo "2540"]
[BlackElo "2420"]
[EventDate "1988.12.??"]
[PlyCount "23"]

1.e4 c6 2.d4 d5 3.Nd2 dxe4 4.Nxe4 Nd7 5.Nf3 Ngf6 6.Nxf6+ Nxf6 7.c3 Bg4 8.
h3 Bxf3 9.Qxf3 g6 10.Be2 Bg7 11.O-O O-O 12.Re1 1/2-1/2

[Event "2nd GMA World Cup prel  #1"]
[Site "Belgrade YUG"]
[Date "1988.??.??"]
[Round "?"]
[White "Campora, Daniel Hugo"]
[Black "Velickovic, Sasa"]
[Result "0-1"]
[WhiteElo "2540"]
[BlackElo "2415"]
[EventDate "1988.12.??"]
[PlyCount "108"]

1.e4 c5 2.f4 d5 3.exd5 Qxd5 4.Nc3 Qd8 5.Nf3 Nf6 6.Ne5 e6 7.Qf3 Be7 8.b3 
O-O 9.Bb2 Nfd7 10.Bd3 Nxe5 11.fxe5 Nc6 12.Qe4 g6 13.O-O-O Bd7 14.h4 Nb4 
15.Rh3 Bc6 16.Qe2 h6 17.h5 g5 18.Rf1 Qa5 19.Be4 Rad8 20.a3 Nd5 21.Nxd5 
Bxd5 22.Bd3 a6 23.c4 Bc6 24.Bb1 Rd7 25.Rd3 Qd8 26.Rxd7 Qxd7 27.Qd1 Kg7 28.
Rf2 b5 29.Qc2 Rh8 30.d3 Qb7 31.Re2 Qd7 32.Bc3 Qb7 33.Kd1 Kf8 34.Rf2 Rg8 
35.d4 cxd4 36.Qh7 Bc5 37.Bg6 Be8 38.Qxh6+ Rg7 39.Bd2 Kg8 40.Bd3 Be7 41.c5 
Qd5 42.c6 Qxc6 43.Bb4 Bxb4 44.axb4 Qc3 45.Rd2 Qa1+ 46.Ke2 Qg1 47.Qf6 Qxg2+
48.Kd1 Qg4+ 49.Kc2 Qxh5 50.Be4 Kf8 51.Rxd4 Qe2+ 52.Kc3 Qe3+ 53.Bd3 Qc1+ 
54.Bc2 Rh7 0-1

[Event "2nd GMA World Cup prel  #1"]
[Site "Belgrade YUG"]
[Date "1988.??.??"]
[Round "?"]
[White "Cebalo, Miso"]
[Black "Avshalumov, Alexander"]
[Result "1/2-1/2"]
[WhiteElo "2510"]
[BlackElo "2420"]
[EventDate "1988.12.??"]
[PlyCount "90"]

1.Nf3 f5 2.d4 Nf6 3.g3 g6 4.Bg2 Bg7 5.O-O O-O 6.c3 d6 7.a4 h6 8.a5 a6 9.
Qb3+ Kh7 10.Nbd2 Nc6 11.d5 Ne5 12.Nd4 Qe8 13.N2f3 c5 14.Ne6 Bxe6 15.dxe6 
Nxf3+ 16.exf3 Qc6 17.c4 Rab8 18.Re1 b5 19.axb6 Qxb6 20.Qd3 Ne8 21.f4 Nc7 
22.Re2 Qb3 23.Qxb3 Rxb3 24.Ra2 Rfb8 25.Bc6 R8b4 26.Ba4 Rxc4 27.Bxb3 Rxc1+ 
28.Kg2 c4 29.Ba4 d5 30.Rc2 Re1 31.Bd7 Nxe6 32.Rxa6 Nc5 33.Ra7 Nd3 34.Rb7 
Rb1 35.Re2 Bf6 36.Rc7 Rxb2 37.Rxb2 Bxb2 38.Kf1 Ba3 39.Be6 Bd6 40.Rc8 Nb4 
41.Rf8 h5 42.Ke2 Kg7 43.Rf7+ Kh6 44.Rf8 Kg7 45.Rf7+ Kh6 1/2-1/2

[Event "2nd GMA World Cup prel  #1"]
[Site "Belgrade YUG"]
[Date "1988.??.??"]
[Round "?"]
[White "Cebalo, Miso"]
[Black "Bykhovsky, Avigdor"]
[Result "0-1"]
[WhiteElo "2510"]
[BlackElo "2445"]
[EventDate "1988.12.??"]
[PlyCount "40"]

1.d4 Nf6 2.Nf3 d5 3.c4 e6 4.Nc3 dxc4 5.e4 Bb4 6.Bg5 c5 7.e5 cxd4 8.Qa4+ 
Nc6 9.O-O-O Bd7 10.exf6 gxf6 11.Nxd4 Bxc3 12.bxc3 fxg5 13.Nb5 O-O 14.h4 
Ne5 15.Qc2 Qf6 16.Nd6 gxh4 17.Rd4 Ng6 18.Bxc4 Bc6 19.f3 Rad8 20.Rhd1 Rxd6 
0-1

[Event "2nd GMA World Cup prel  #1"]
[Site "Belgrade YUG"]
[Date "1988.??.??"]
[Round "?"]
[White "Cebalo, Miso"]
[Black "Ruban, Vadim"]
[Result "0-1"]
[WhiteElo "2510"]
[BlackElo "2395"]
[EventDate "1988.12.??"]
[PlyCount "60"]

1.d4 Nf6 2.Nf3 d5 3.c4 e6 4.Nc3 dxc4 5.e4 Bb4 6.Bg5 c5 7.e5 h6 8.exf6 hxg5
9.fxg7 Rg8 10.Bxc4 g4 11.d5 Bxc3+ 12.bxc3 gxf3 13.Qxf3 e5 14.O-O Rxg7 15.
Rfe1 Nd7 16.d6 Kf8 17.Rad1 Nb6 18.Qe4 Qg5 19.Bf1 f6 20.h4 Qg4 21.Qe3 Qxh4 
22.Qxc5 Bd7 23.g3 Rc8 24.Qa3 Qh5 25.Be2 Qh3 26.Bf1 Qh6 27.Re4 f5 28.Rxe5 
Rh7 29.Bg2 Nc4 30.Rxf5+ Bxf5 0-1

[Event "2nd GMA World Cup prel  #1"]
[Site "Belgrade YUG"]
[Date "1988.??.??"]
[Round "?"]
[White "Cebalo, Miso"]
[Black "Subasic, Ilijas"]
[Result "1-0"]
[WhiteElo "2510"]
[BlackElo "2280"]
[EventDate "1988.12.??"]
[PlyCount "117"]

1.d4 Nf6 2.Nf3 g6 3.c4 Bg7 4.Nc3 d5 5.cxd5 Nxd5 6.e4 Nxc3 7.bxc3 O-O 8.Be2
b6 9.h4 c5 10.Rb1 Bb7 11.e5 cxd4 12.cxd4 Bd5 13.Rb2 Nc6 14.h5 Rc8 15.Be3 
Na5 16.hxg6 hxg6 17.Kf1 Nc4 18.Bxc4 Rxc4 19.Kg1 Qd7 20.Qd2 Rfc8 21.Rh3 Qf5
22.Ne1 Rc3 23.f3 f6 24.g4 Qe6 25.Nd3 g5 26.Nc5 R3xc5 27.dxc5 bxc5 28.exf6 
exf6 29.Rb5 Bxa2 30.Rxc5 Rxc5 31.Bxc5 a6 32.Qd8+ Kf7 33.Kf2 Bc4 34.Qc7+ 
Kg8 35.Be3 Bb5 36.Rh1 Qa2+ 37.Kg3 Qe6 38.Bd4 Qd7 39.Qxd7 Bxd7 40.Rc1 a5 
41.Rc7 Be8 42.Ra7 a4 43.f4 gxf4+ 44.Kxf4 Bg6 45.Kg3 Bc2 46.g5 Bb3 47.g6 
Bh8 48.Kh4 Bd1 49.Bb2 Bf3 50.Rxa4 Bd1 51.Ra6 Be2 52.Rd6 Kf8 53.Bxf6 Bxf6+ 
54.Rxf6+ Kg7 55.Kg5 Bc4 56.Rc6 Bg8 57.Rc7+ Kh8 58.Kh6 Be6 59.Re7 1-0

[Event "2nd GMA World Cup prel  #1"]
[Site "Belgrade YUG"]
[Date "1988.??.??"]
[Round "?"]
[White "Chernin, Alexander"]
[Black "Cvetkovic, Srdan"]
[Result "1-0"]
[WhiteElo "2565"]
[BlackElo "2450"]
[EventDate "1988.12.??"]
[PlyCount "57"]

1.d4 Nf6 2.Nf3 d5 3.c4 e6 4.Nc3 Nbd7 5.cxd5 exd5 6.Bg5 c6 7.e3 Bd6 8.Bd3 
Nf8 9.Ne5 Ng6 10.f4 O-O 11.Qc2 Qe8 12.O-O Bb4 13.Kh1 Bxc3 14.bxc3 h6 15.f5
Bxf5 16.Bxf6 Bxd3 17.Qxd3 gxf6 18.Ng4 Kg7 19.Qf5 Qe7 20.Qh5 Rh8 21.Rxf6 
Rad8 22.Raf1 Rd6 23.R6f5 Re6 24.h3 Rh7 25.R1f3 Nh8 26.Nf6 Rxe3 27.Qg4+ Ng6
28.Rxe3 Qxe3 29.Nxh7 1-0

[Event "2nd GMA World Cup prel  #1"]
[Site "Belgrade YUG"]
[Date "1988.??.??"]
[Round "?"]
[White "Chernin, Alexander"]
[Black "Sandic, Vladeta"]
[Result "1-0"]
[WhiteElo "2565"]
[BlackElo "2290"]
[EventDate "1988.12.??"]
[PlyCount "61"]

1.d4 Nf6 2.Nf3 c5 3.d5 g6 4.c4 Bg7 5.Nc3 d6 6.e4 O-O 7.h3 e6 8.Bd3 exd5 9.
cxd5 a6 10.a4 Nbd7 11.O-O Rb8 12.Bf4 Ne8 13.Qd2 Qe7 14.Rac1 Nc7 15.b4 b6 
16.Ne2 a5 17.bxa5 Na6 18.axb6 Rxb6 19.Nc3 Nb4 20.Bb5 Ne5 21.Nxe5 Bxe5 22.
Bxe5 Qxe5 23.f4 Qe7 24.Rce1 f6 25.Rf3 Qg7 26.Qe2 Rb7 27.Re3 g5 28.Rg3 Re7 
29.e5 Bf5 30.Qd2 Nc2 31.Rf1 1-0